Drugs and Child Maltreatment

This book combines experience in child protection with expertise in clinical pharmacology and forensic toxicology, to set out a broad contemporary understanding of child maltreatment with drugs. It explores presentations that range through ante-natal exposure, factitious illness, deliberate poisonin...

Πλήρης περιγραφή

Λεπτομέρειες βιβλιογραφικής εγγραφής
Κύριοι συγγραφείς: Joyce, David A. (Συγγραφέας, http://id.loc.gov/vocabulary/relators/aut), Winterton, Peter M. (http://id.loc.gov/vocabulary/relators/aut)
Συγγραφή απο Οργανισμό/Αρχή: SpringerLink (Online service)
Μορφή: Ηλεκτρονική πηγή Ηλ. βιβλίο
Γλώσσα:English
Έκδοση: Cham : Springer International Publishing : Imprint: Springer, 2019.
Έκδοση:1st ed. 2019.
Σειρά:SpringerBriefs in Well-Being and Quality of Life Research,
Θέματα:
Διαθέσιμο Online:Full Text via HEAL-Link
LEADER 03740nam a2200529 4500
001 978-3-030-02502-1
003 DE-He213
005 20191026082232.0
007 cr nn 008mamaa
008 181024s2019 gw | s |||| 0|eng d
020 |a 9783030025021  |9 978-3-030-02502-1 
024 7 |a 10.1007/978-3-030-02502-1  |2 doi 
040 |d GrThAP 
050 4 |a HV701-1420.52 
072 7 |a JKSB1  |2 bicssc 
072 7 |a SOC047000  |2 bisacsh 
072 7 |a JKSB1  |2 thema 
082 0 4 |a 362.7  |2 23 
100 1 |a Joyce, David A.  |e author.  |4 aut  |4 http://id.loc.gov/vocabulary/relators/aut 
245 1 0 |a Drugs and Child Maltreatment  |h [electronic resource] /  |c by David A. Joyce, Peter M. Winterton. 
250 |a 1st ed. 2019. 
264 1 |a Cham :  |b Springer International Publishing :  |b Imprint: Springer,  |c 2019. 
300 |a VII, 116 p.  |b online resource. 
336 |a text  |b txt  |2 rdacontent 
337 |a computer  |b c  |2 rdamedia 
338 |a online resource  |b cr  |2 rdacarrier 
347 |a text file  |b PDF  |2 rda 
490 1 |a SpringerBriefs in Well-Being and Quality of Life Research,  |x 2211-7644 
505 0 |a 1. The child harmed with drugs -- 2. Identifying the drug -- 3. The clinical presentations -- 4. Social and family context and its relevance to child maltreatment through drugs -- 5. Child protection after a diagnosis of maltreatment through drugs -- 6. Laboratory Testing for Drug Exposure -- 7. Conclusions -- 8. References. 
520 |a This book combines experience in child protection with expertise in clinical pharmacology and forensic toxicology, to set out a broad contemporary understanding of child maltreatment with drugs. It explores presentations that range through ante-natal exposure, factitious illness, deliberate poisoning, drug accidents while in the care of drug-affected adults, misuse of therapeutic drugs and the drug-related death of a child. It describes how to recognise where deliberate drug exposure or perversion of proper therapeutics is being used to harm a child, how to use laboratory testing to confirm a diagnosis, how to combine medical and social care with the need to gather legal evidence and how to deploy social, medical and legal resources for child protection. The roles of the forensic toxicologist and contemporary forensic laboratory methods in resolving cryptic presentations are discussed in each context. There is guidance on effective communication about drugs within the child protection team and on writing reports for legal purposes, on the way to returning the child to safety. The book also explores the particular difficulties that arise in reconciling parents' rights and cultural beliefs with the obligation to document a child's drug exposure and in dealing with parents and carers who themselves may be drug-impaired. 
650 0 |a Well-being. 
650 0 |a Children. 
650 0 |a Public health. 
650 0 |a Psychotherapy. 
650 0 |a Counseling. 
650 1 4 |a Child Well-being.  |0 http://scigraph.springernature.com/things/product-market-codes/X31000 
650 2 4 |a Public Health.  |0 http://scigraph.springernature.com/things/product-market-codes/H27002 
650 2 4 |a Psychotherapy and Counseling.  |0 http://scigraph.springernature.com/things/product-market-codes/Y12010 
700 1 |a Winterton, Peter M.  |e author.  |4 aut  |4 http://id.loc.gov/vocabulary/relators/aut 
710 2 |a SpringerLink (Online service) 
773 0 |t Springer eBooks 
776 0 8 |i Printed edition:  |z 9783030025014 
776 0 8 |i Printed edition:  |z 9783030025038 
830 0 |a SpringerBriefs in Well-Being and Quality of Life Research,  |x 2211-7644 
856 4 0 |u https://doi.org/10.1007/978-3-030-02502-1  |z Full Text via HEAL-Link 
912 |a ZDB-2-SLS 
950 |a Social Sciences (Springer-41176)